<?xml version="1.0" encoding="UTF-8"?><?xml-stylesheet type="text/xsl" href="static/style.xsl"?><OAI-PMH xmlns="http://www.openarchives.org/OAI/2.0/" xmlns:xsi="http://www.w3.org/2001/XMLSchema-instance" xsi:schemaLocation="http://www.openarchives.org/OAI/2.0/ http://www.openarchives.org/OAI/2.0/OAI-PMH.xsd"><responseDate>2026-06-07T20:04:14Z</responseDate><request verb="GetRecord" identifier="oai:riubu.ubu.es:10259/11728" metadataPrefix="marc">https://riubu.ubu.es/oai/request</request><GetRecord><record><header><identifier>oai:riubu.ubu.es:10259/11728</identifier><datestamp>2026-05-26T10:57:56Z</datestamp><setSpec>com_10259_2604</setSpec><setSpec>col_10259_5684</setSpec></header><metadata><record xmlns="http://www.loc.gov/MARC21/slim" xmlns:doc="http://www.lyncode.com/xoai" xmlns:xsi="http://www.w3.org/2001/XMLSchema-instance" xmlns:dcterms="http://purl.org/dc/terms/" xsi:schemaLocation="http://www.loc.gov/MARC21/slim http://www.loc.gov/standards/marcxml/schema/MARC21slim.xsd">
<leader>00925njm 22002777a 4500</leader>
<datafield tag="042" ind1=" " ind2=" ">
<subfield code="a">dc</subfield>
</datafield>
<datafield tag="720" ind1=" " ind2=" ">
<subfield code="a">Melero Gil, Beatriz</subfield>
<subfield code="e">author</subfield>
</datafield>
<datafield tag="720" ind1=" " ind2=" ">
<subfield code="a">Ortega Heras, Miriam</subfield>
<subfield code="e">author</subfield>
</datafield>
<datafield tag="720" ind1=" " ind2=" ">
<subfield code="a">Rovira Carballido, Jordi</subfield>
<subfield code="e">author</subfield>
</datafield>
<datafield tag="720" ind1=" " ind2=" ">
<subfield code="a">Muñiz Rodríguez, Pilar</subfield>
<subfield code="e">author</subfield>
</datafield>
<datafield tag="720" ind1=" " ind2=" ">
<subfield code="a">Rivero Pérez, Maria Dolores</subfield>
<subfield code="e">author</subfield>
</datafield>
<datafield tag="720" ind1=" " ind2=" ">
<subfield code="a">Cavia Saiz, Mónica</subfield>
<subfield code="e">author</subfield>
</datafield>
<datafield tag="720" ind1=" " ind2=" ">
<subfield code="a">Gerardi, Gisela</subfield>
<subfield code="e">author</subfield>
</datafield>
<datafield tag="720" ind1=" " ind2=" ">
<subfield code="a">Gómez Bastida, Inmaculada</subfield>
<subfield code="e">author</subfield>
</datafield>
<datafield tag="260" ind1=" " ind2=" ">
<subfield code="c">2026-05-25</subfield>
</datafield>
<datafield tag="520" ind1=" " ind2=" ">
<subfield code="a">The data set contained the raw data of the project “Use of by-products from blackberry and blueberry: charaterization, effect on health and development of safer and healthier meat products” (FUNCBERRY).</subfield>
</datafield>
<datafield tag="024" ind2=" " ind1="8">
<subfield code="a">Melero, B., Ortega-Heras, M., Rovira, J., Muñiz, P., Rivero Perez, M. D., Cavia, Monica, Gerardi, G., &amp; Gómez, I. (2026). Dataset of the project “Use of by-products from blackberry and blueberry: charaterization, effect on health and development of safer and healthier meat products (FUNCBERRY)” [Data set]. Universidad de Burgos. https://doi.org/10.71486/V5Y7-XN40</subfield>
</datafield>
<datafield tag="024" ind2=" " ind1="8">
<subfield code="a">https://hdl.handle.net/10259/11728</subfield>
</datafield>
<datafield tag="024" ind2=" " ind1="8">
<subfield code="a">10.71486/v5y7-xn40</subfield>
</datafield>
<datafield ind1=" " ind2=" " tag="653">
<subfield code="a">Food safety</subfield>
</datafield>
<datafield ind1=" " ind2=" " tag="653">
<subfield code="a">By-products</subfield>
</datafield>
<datafield ind1=" " ind2=" " tag="653">
<subfield code="a">Chicken meat</subfield>
</datafield>
<datafield ind1=" " ind2=" " tag="653">
<subfield code="a">Bioactive compounds</subfield>
</datafield>
<datafield ind1=" " ind2=" " tag="653">
<subfield code="a">Blueberry (Vaccinium myrtillus, L.)</subfield>
</datafield>
<datafield ind1=" " ind2=" " tag="653">
<subfield code="a">Blackberry (Rubus fruticosus)</subfield>
</datafield>
<datafield tag="245" ind1="0" ind2="0">
<subfield code="a">Dataset of the project “Use of by-products from blackberry and blueberry: charaterization, effect on health and development of safer and healthier meat products (FUNCBERRY)”</subfield>
</datafield>
</record></metadata></record></GetRecord></OAI-PMH>